Geboren in Graz - Statistiken

Allgemein
  • Dieses Quiz wurde 43 mal gespielt
    3 seit der letzten Aktualisierung
  • Das Durchschnittsergebnis liegt bei 3 aus 17
Antwortstatistiken
Hinweis Antwort % Korrekt
Thronfolger von Österreich-Ungarn, starb beim Attentat von Sarajevo 1863 Franz Ferdinand
100%
Fußballnationalspieler, 1. FC Köln 1992 Florian Kainz
50%
SPÖ-Politiker und Bundespräsident von 2004 bis 2016 1938 Heinz Fischer
50%
Motorsportchef von Red Bull seit 2005 und früherer Rennfahrer 1943 Helmut Marko
50%
FPÖ-Politiker und Landeshauptmann der Steiermark seit 2024 1976 Mario Kunasek
50%
ÖVP-Politiker und Landeshauptmann der Steiermark von 2022 bis 2024 1971 Christopher Drexler
0%
Skirennläuferin, olympische Bronzemedaillengewinnerin im Super-G 2026 und Abfahrsweltcupsiegerin 23/24 1992 Cornelia Hütter
0%
SPÖ-Politiker, ehemaliger Eishockeynationalteamspieler und von 2005 bis 2015 Landeshauptmann der Steiermark 1953 Franz Voves
0%
Früherer Bundesobmann der BZÖ und Kandidat bei der Bundespräsidentenwahl 2022 1977 Gerald Grosz
0%
ÖVP-Politiker und Landeshauptmann von 1981 bis 1996 1930 Josef Krainer jr.
0%
frühere Präsidentin der Österreichischen Nationalbank und die erste Frau in dieser Funktion weltweit 1931 Maria Schaumayer
0%
Fußballnationalspieler, FC Augsburg 1994 Michael Gregoritsch
0%
Schauspieler am Burgtheater und Filmschauspieler ("Edelstein"-Trilogie) 1946 Peter Simonischek
0%
Fußballtrainer (Leipzig, Wolfsburg, Southampton und Ingolstadt) und frührerer Nationalspieler (Austria Wien, Köln und Grazer AK) 1967 Ralph Hasenhüttl
0%
Fußballnationalspieler, Werder Bremen 2000 Romano Schmid
0%
früherer Fußballnationalspieler (Werder Bremen, FC Watford) 1987 Sebastian Prödl
0%
ÖVP-Politikerin, Landeshauptfrau der Steiermark von 1996 bis 2005 und erste Frau in Österreich in diesem Amt 1945 Waltraud Klasnic
0%
Keine übereinstimmenden Quizze gefunden
Verteilung der Resultate
Anzahl Personen mit jedem Resultat
Perzentil nach korrekt beantworteten Fragen
Ihre Resultats-Entwicklung
Sie haben dieses Quiz seit der letzten Aktualisierung nicht gespielt